01492nam a2200349 i 450000100060000000300080000600500170001400600190003100700150005000800410006502000180010602000270012403500220015104000310017305000300020408200170023410000430025124500940029426400370038830000410042533600310046633700330049733800430053058800680057359001620064163000310080365500270083477601700086179700170103185600770104899900170112533811FlNmELB20241216220844.0m o d | cr cnu||||||||190506s2006 sp o 000 0 spa d z9788478982479 a9788478983148 (e-book) a(OCoLC)1230152549 aFINmELBbspaerdacFINmELB 4aPN1997.T42873b.M378 20060 a791.43722231 aMartínez, María-Ángeles,eautor.10aMito, cine, literatura :blaberinto y caos en el tercer hombre /cMaria Angeles Martinez. 1aSpain :bEdiciones Alfar,c2006. a1 recurso en línea (212 páginas) atextobtxt2rdacontent/spa acomputadorabc2rdamedia/spa arecurso en líneabcr2rdacarrier/spa aDescripción basada en el editor de metadatos y otras fuentes. aRecurso electrónico. Santa Fe, Arg.: elibro, 2018. Disponible vía World Wide Web. El acceso puede estar limitado para las bibliotecas afiliadas a elibro.00aThird man (Motion picture) 4aLibros electrónicos.08iPrint version:aMartinez, Maria Angeles.tMito, cine, literatura : laberinto y caos en el tercer hombre.dSpain : Ediciones Alfar, 2006h212 páginasz97884789824792 aelibro, Corp40uhttps://elibro.net/ereader/politecnicointernacional/52620zClick to View c33811d33811